000 01013nam a2200265 a 4500
001 BRCA_8337
005 20190320210234.0
008 020714s1919----gw-a###f##---#001-0#ger-#
041 _ager
044 _agw
050 4 _aNB193
_b.B75 1919
100 1 _aBrinckmann, Albert Erich
_d1881-1958
_920863
245 1 0 _aBarockskulptur
_bentwicklungsgeschichte der Skulptur in den Romanischen und germanischen Ländern seit Michelangelo bis zum 18. Jahrhundert
_cvon A. E. Brinckman ; begründet von Fritz Burger.
260 _aAlemania
_bAkademische Verlagsgesellschaft Athenaion
_c1919
300 _a2 v.
_bil. (algunas a color), 10 láminas
_c29 cm.
440 0 _aHandbuch der Kunstwissenschaft
_920864
500 _aIncluye índice onomástico y de ilustraciones
500 _aR51
505 0 _av.1 Erster teil.-- v.2 Zweiter teil
650 1 4 _aEscultura barroca
_xHistoria
_920865
650 1 4 _aEscultura barroca
_ysiglos XVI-XVIII
_920866
700 1 _aBurger, Fritz
_920867
902 _aGFM
942 _2lcc
_cB
999 _c8005
_d8005